00322nam a2200121Ia 4500008004100000041000800041082001500049100002100064245004500085260003100130300003200161365000700193240624s9999 xx 000 0 und d aeng a658.15 MIL aMILEVSKY MOSHE A aARE YOU A STOCK OR A BOND CREATE YOUR OW c2009aNew JerseybFT Press axxix, : 208 : p. : cm. ; 26 cRS